000 00464nam a22001577a 4500
999 _c14858
_d14858
008 200122b ||||| |||| 00| 0 eng d
022 _a9770118389007
082 _aDPer 641.05 F73 Mar-Nov 2012
100 _941241
_aSamson, Tintin.
245 _aFrom dinner to breakfast/
_cTintin Samson.
260 _aQuezon City:
_bABS CBN Publishing, Inc.,
_c©2012.
300 _apages 79;
_c30 cm.
500 _aFood.
650 _aDinning
_941242
942 _2ddc
_cPER